000 00489pab a2200169 454500
008 180718b2006 xxu||||| |||| 00| 0 eng d
100 _aBulut, Yakup
245 _aRepresentatives and attitudes of municipal council members in Turkey: the case of Erzincan province
260 _c2006
300 _ap.413-28.
362 _aAug
650 _aLocal government - Turkey
650 _aLocal government
700 _aTaniyici, Saban
773 _aLocal Government Studies
909 _a70784
999 _c70784
_d70784